| 000 | 00605nam a2200181 4500 | ||
|---|---|---|---|
| 008 | 01993 1992 0a 000 0MEX | ||
| 020 | _a0-07-023875-8 | ||
| 050 | _aQA76 7C153 G68 | ||
| 082 | _a001.642.4 G652p | ||
| 100 | _aGottfried, Byron S. Ph. D. | ||
| 245 | _aTeoría y Problemas de Programación Basic | ||
| 250 | _a3 | ||
| 260 | _aMéxico : McGraw-Hill | ||
| 300 | _a398 p. / 24 cm. | ||
| 500 | _aIncluye ap‚ndice, soluciones, índice. | ||
| 650 | _a1.PROGRAMACIÓN \ 2.BASIC (LENGUAJE DE COMPUTADORA) | ||
| 700 | _aSegado Bernal, Ángel, Tr. \ Joyanes Aguilar, Luis Rev. Téc. | ||
| 999 |
_c12095 _d12095 |
||